Изучение взаимодействия сплава титан-железо с газообразным азотом; Современные техника и технологии; Т. 2

Бібліографічні деталі
Parent link:Современные техника и технологии: 14 Международная научно-практическая конференция студентов, аспирантов и молодых ученых, г. Томск, 24-28 марта 2008 г./ Томский политехнический университет (ТПУ).— , 2008
Т. 2.— 2008.— С. 196-197
Автор: Усольцева Н. В.
Інші автори: Чухломина Л. Н.
Мова:Російська
Опубліковано: 2008
Предмети:
Формат: MixedMaterials Частина з книги
KOHA link:https://koha.lib.tpu.ru/cgi-bin/koha/opac-detail.pl?biblionumber=151078

MARC

LEADER 00000naa2a2200000 4500
001 151078
005 20231031150356.0
035 |a (RuTPU)RU\TPU\book\163812 
090 |a 151078 
100 |a 20090119d2008 k y0rusy50 ca 
101 0 |a rus 
102 |a RU 
200 1 |a Изучение взаимодействия сплава титан-железо с газообразным азотом  |f Н. В. Усольцева, Л. Н. Чухломина 
320 |a Библиогр.: 2 назв. 
461 1 |0 (RuTPU)RU\TPU\book\156858  |t Современные техника и технологии  |o 14 Международная научно-практическая конференция студентов, аспирантов и молодых ученых, г. Томск, 24-28 марта 2008 г.  |o труды  |o в 3 т.  |f Томский политехнический университет (ТПУ)  |d 2008 
463 1 |0 (RuTPU)RU\TPU\book\158716  |t Т. 2  |v С. 196-197  |d 2008  |p 434 с. 
610 1 |a сплавы 
610 1 |a титан-железо 
610 1 |a газообразный азот 
610 1 |a нитрид титана 
610 1 |a высокотемпературный синтез 
610 1 |a труды учёных ТПУ 
700 1 |a Усольцева  |b Н. В. 
701 1 |a Чухломина  |b Л. Н. 
801 1 |a RU  |b 63413507  |c 20090119  |g PSBO 
801 2 |a RU  |b 63413507  |c 20131001  |g RCR 
942 |c BK